00490nam a2200205Ia 4500008004100000020001800041050001600059100002200075245002600097245002500123260001500148260001600163260000900179300001600188300002600204300001000230300003000240440000600270500000800276170918s9999 xx 000 0 und d a9780545307420 bS857cr 2010 aStilton, Geronimo 4aThe thirteen ghosts / cby Geronimo Stilton. aNew York : bScholastic, c2010 a111 pages : bcolor illustrations ; c19cm. eCreepella von cacklefur ; a1 a520